| 000 | 00000nam##2200000za#4500 |
| 001 | 9.643929 |
| 003 | CaOODSP |
| 005 | 20210624224414 |
| 007 | cr ||||||||||| |
| 008 | 150407|1976||||xxc|||||o f|0| 0 fre|d |
| 040 | |aCaOODSP|bfre |
| 043 | |an-cn--- |
| 086 | 1 |aJS22-34/1976F-PDF |
| 110 | 1 |aCanada. |bSolliciteur général Canada. |
| 245 | 13|aLe rapport de la Commission d'enquête sur les plaintes du public, la discipline interne et le règlement des griefs au sein de la Gendarmerie royale du Canada / |h[ressource électronique]|cles commissaires : René J. Marin (président), Robin P. Bourne, Robert A. Potvin, Donald K. Wilson, et Ross Wimmer. |
| 260 | |bSolliciteur général Canada |c[1976]. |
| 300 | |a234p.|bfigure, tableau |
| 500 | |aPublication historique numérisée en 2012 par le Bureau du Conseil privé du Canada. |
| 590 | |a15-04-Supp|b2015-03-19 |
| 691 | 07|aCommission d'enquête|2gcpds |
| 691 | 07|aPlainte|2gcpds |
| 691 | 07|aService de police|2gcpds |
| 775 | 08|tThe report of the Commission of Inquiry Relating to Public Complaints, Internal Discipline and Grievance Procedure Within the Royal Canadian Mounted Police / |w(CaOODSP)9.700014 |
| 856 | 40|ahttp://publications.gc.ca|qPDF|s8.33 Mo|uhttps://publications.gc.ca/collections/collection_2014/sp-ps/JS22-34-1976-fra.pdf |